000
003120000a22001450004500
003
MACL
040
_a
MACL
090
_c
35016
_d
35014
100
_a
Arkin, Herbert
245
_a
Statistical Methods
260
_b
Barnes & Noble
_c
1957
650
_a
Statistics
942
_c
BOOK
_k
310/ARK
951
_o
310/ARK BOOK
999
_c
34648
_d
34648